000 00350nam a2200133Ia 4500
008 240624s9999 xx 000 0 und d
041 _aeng
082 _a658.812 THO
100 _aTHOMPSON HARVEY
245 _aWHO STOLE MY COSTUMER WINNING STRATEGIES
260 _c2005
_aNew Delhi
_bPearson Education
300 _axiv, : 210p. ; 23cm.
365 _cRS
999 _c4078
_d4078